Differental educations : (Record no. 127128)

MARC details
000 -LEADER
fixed length control field 00706nam a22002417a 4500
005 - DATE AND TIME OF LATEST TRANSACTION
control field 20170124110020.0
010 ## - LIBRARY OF CONGRESS CONTROL NUMBER
LC control number A-799688
020 ## - INTERNATIONAL STANDARD BOOK NUMBER
Terms of availability 95.00
035 ## - SYSTEM CONTROL NUMBER
System control number A-799688
037 ## - SOURCE OF ACQUISITION
Source of stock number/acquisition Cen Lib/Ret
040 ## - CATALOGING SOURCE
Original cataloging agency DPL
Language of cataloging EN
082 ## - DEWEY DECIMAL CLASSIFICATION NUMBER
Classification number 515.35
Item number SHA
100 ## - MAIN ENTRY--PERSONAL NAME
Personal name Sharma, J.N.
9 (RLIN) 11067
245 ## - TITLE STATEMENT
Title Differental educations :
Statement of responsibility, etc by J.N.Sharma [and] R.K.Gupta
Remainder of title with special functions /
250 ## - EDITION STATEMENT
Edition statement 29th ed.
260 ## - PUBLICATION, DISTRIBUTION, ETC. (IMPRINT)
Place of publication, distribution, etc Meerut
Name of publisher, distributor, etc Krishna Prakashan
Date of publication, distribution, etc 1996-97
270 ## - ADDRESS
Address 11,Shhivaji road
City Meerut
Postal code 250001
300 ## - PHYSICAL DESCRIPTION
Extent 544p.
Dimensions 20cm(Hb)
650 ## - SUBJECT ADDED ENTRY--TOPICAL TERM
Topical term or geographic name as entry element Educarion
9 (RLIN) 19491
650 ## - SUBJECT ADDED ENTRY--TOPICAL TERM
Topical term or geographic name as entry element Early childhood education
9 (RLIN) 16763
700 ## - ADDED ENTRY--PERSONAL NAME
Personal name Gupta, .R.K.
9 (RLIN) 7313
942 ## - ADDED ENTRY ELEMENTS (KOHA)
Source of classification or shelving scheme Dewey Decimal Classification
Koha item type English Books
Classification part 515.35
Call number suffix SHA
Holdings
Withdrawn status Lost status Damaged status Not for loan Home library Current library Date acquired Source of acquisition Cost, normal purchase price Total Checkouts Total Renewals Full call number Barcode Date last seen Date checked out Copy number Cost, replacement price Price effective from Koha item type
        Central Library Central Library 27/06/2015 Cen Lib/Ret 95.00 7 5 515.35 SHA A-799688 22/02/2020 17/01/2020 1 95.00 27/06/2015 English Books

© Delhi Public Library
Hit Counter
free hit counter